• 首页
  • 本馆介绍
  • 公告通知
  • 最新文献
  • 馆藏检索
  • 电子资源
  • 读者导购
  • 参考咨询
  • 我的图书馆
  • 登录
  • 详细信息显示
  • 放入我的书架
  • 预约/预借图书
  • 作者相关作品
  • 分类相关作品
  • 丛书相关作品
  • 出版社相关作品

书目信息

  • 表格格式
  • 工作单格式
  • 卡片格式
题名:
20世纪中国灾变图史
    
 
作者: 夏明方 , 唐沛竹 主编
分册: 下  
出版信息: 福州   福建教育出版社  2001
页数: 2册(360,294页)
开本: 23cm
丛书名:
单 册:
中图分类: X432
科图分类:
主题词: 自然灾害--中国--20世纪--史料
电子资源:
ISBN: 7-5334-3148-0
000 01068nam0 2200253 450
001 1541091679
005 20150118112517.04
010    @a7-5334-3148-0@dCNY34.00
100    @a20010806d2001 em y0chiy0110 ea
101 0  @achi
102    @aCN@b350000
105    @aa z 000yd
200 1  @a20世纪中国灾变图史@920 shi ji zhong guo zai bian tu shi@h下@f夏明方,唐沛竹主编
210    @a福州@c福建教育出版社@d2001
215    @a2册(360,294页)@c照片@d23cm
314    @a夏明方(1964~),安徽庐江县人,中国人民大学清史研究所副教授,历史学博士。著有《中国近代十大灾荒》等。
314    @a唐沛竹(女,1964~),内蒙古海拉尔人,北京大学马克思主义学院副教授,历史学博士。著有《近代史研究》等。
330    @a本书搜集了近800幅图片,探究了中国灾荒的自然成因和社会成因,灾荒产生的社会影响,以及人们在不同的历史条件下和社会条件下对自然灾害做着情况迥异的艰苦斗争。
606 0  @a自然灾害@y中国@z20世纪@j史料
690    @aX432@v5
701  0 @a夏明方@9xia ming fang@f(1964~)@4主编
701  0 @a唐沛竹@9tang pei zhu@4主编
801  0 @aCN@bTSSF@c20150118
905    @aZUCC@dX432@eJY43:2
    
    20世纪中国灾变图史.下/夏明方,唐沛竹主编.-福州:福建教育出版社,2001
    2册(360,294页):照片;23cm
    
    
    ISBN 7-5334-3148-0:CNY34.00
    本书搜集了近800幅图片,探究了中国灾荒的自然成因和社会成因,灾荒产生的社会影响,以及人们在不同的历史条件下和社会条件下对自然灾害做着情况迥异的艰苦斗争。
●
相关链接 在E读中查询图书 在五车中查询图书 在当当中查询图书 在豆瓣中查询图书


正题名:20世纪中国灾变图史     索取号:X432/JY43:2         预约/预借

序号 登录号 条形码 馆藏地/架位号 状态 备注
1 7853189   278531894   学院路分馆/ [索取号:X432/JY43:2] 在馆    
2 7853190   278531901   学院路分馆/ [索取号:X432/JY43:2] 在馆    
唐山师范学院图书馆 欢迎您!
大连网信软件有限公司© 版权所有